Business intelligence as a tool for knowledge development in business organizations book of scientific papers

Gespeichert in:
Bibliographische Detailangaben
Körperschaft: Ekonomická univerzita v Bratislave. Fakulta podnikového manažmentu
Weitere Verfasser: Hamranová, Anna, 1957-, Bolek, Vladimír, 1988-, Molnár, Pavol, Polačko, František
Format: Buch
Sprache:Englisch
Slowakisch
Veröffentlicht: Bratislava Publishing house EKONÓM 2016
Ausgabe:1. vyd.
Schlagworte:
Tags: Tag hinzufügen
Keine Tags, Fügen Sie das erste Tag hinzu!

MARC

LEADER 00000nlm a2200000 4500
001 0222357
005 20240514064502.9
020 |a 978-80-225-4276-0 
041 0 |a eng 
041 0 |a slo 
044 |a SK 
245 1 0 |a Business intelligence as a tool for knowledge development in business organizations  |b book of scientific papers  |c compilers: Anna Hamranová, Vladimír Bolek ; reviewers: Pavol Molnár, František Polačko 
250 |a 1. vyd. 
264 1 |a Bratislava  |b Publishing house EKONÓM  |c 2016 
300 |a CD-ROM [90 s., 5,91 AH] 
610 2 0 |a business intelligence 
610 2 0 |a manažment 
610 2 0 |a riadenie projektové 
610 2 0 |a metóda BSC 
700 1 |a Hamranová, Anna, 1957- 
700 1 |a Bolek, Vladimír, 1988- 
700 1 |a Molnár, Pavol 
700 1 |a Polačko, František 
710 2 |a Ekonomická univerzita v Bratislave. Fakulta podnikového manažmentu